| 000 | 01750nam a22002297a 4500 | ||
|---|---|---|---|
| 003 | DO-SdBJH | ||
| 005 | 20241004130622.0 | ||
| 008 | 210510b ||||| |||| 00| 0 spa d | ||
| 040 |
_aDO-SdBJH _bspa _cDO-SdBJH |
||
| 090 |
_aTG EGAEE _b01413 2018 |
||
| 100 | 1 |
_aAquino Aquino, José _esustentante |
|
| 245 | 1 | 0 |
_aMercado de medicamentos falsificados y su incidencia en la Salud Pública de República Dominicana. Caso Provincia Espaillat, período 2006-2016 / _cJosé Aquino Aquino, Miriam Castillo, Francisco Acosta |
| 260 |
_aSanto Domingo : _bINSUDE, _c2018 |
||
| 300 | _aiii, 92 páginas, gráficos, cuadros | ||
| 502 | _aTesis (Maestría en Defensa y Seguridad Nacional). -- Instituto Superior para la Defensa (INSUDE). Escuela de Graduados de Altos Estudios Estratégico, 2018 | ||
| 504 | _aIncluye referencias bibliográficas e índices | ||
| 505 | _aAntecedentes, farmacología, derechos del consumidor, derecho a la salud, tamaño del mercado y consecuencias que genera la comercialización de medicamentos falsificados en República Dominica. -- Mercado legal nacional e internacional para la prevención y control del mercado y comercialización de medicamentos faltos como garantía de la salud pública. -- La falsificación de medicamentos como problema de salud publica en República Dominicana: incidencia en la seguridad jurídica, humana, económica y publica. -- Determinar el mercado de medicamentos falsificados y su incidencia en la salud pública de República Dominicana. caso Provincia Espaillat, Moca. | ||
| 700 | 1 |
_aCastillo, Miriam _easesor |
|
| 700 | 1 |
_aAcosta, Francisco _easesor |
|
| 830 | _aINSUDE. Escuela de Graduados de Altos Estudios Estratégico. Tesis y disertaciones académicas | ||
| 942 |
_2CL _cT |
||
| 999 |
_c6127 _d6127 |
||